| 000 | 00000nam##2200000za#4500 |
| 001 | 9.640074 |
| 003 | CaOODSP |
| 005 | 20210624222507 |
| 007 | cr ||||||||||| |
| 008 | 150407|1995||||xxc|||||o f|0| 0 fre|d |
| 040 | |aCaOODSP|bfre |
| 043 | |an-cn--- |
| 086 | 1 |aSN3-61/1994-1F-PDF |
| 110 | 1 |aCanada.|bBibliothèque nationale du Canada. |
| 245 | 10|aClasse FC : |h[ressource électronique]|bune classification de l'histoire du Canada, deuxième édition. Ajouts et modifications, #1 |
| 250 | |aDeuxième édition |
| 260 | |aOttawa - Ontario : |bBibliothèque nationale du Canada |c1995. |
| 300 | |a6p. |
| 500 | |a«La deuxième édition [...] constitue une version revue et augmentée de la première édition de cette table parue en 1976. Celle-ci a remplacé beaucoup de systèmes de classification du type Library of Congress utilisés par les bibliothèques canadiennes pour classer l'information dans le domaine de l'histoire du Canada.»--Préface de la deuxième édition. Données de catalogage avant publication (Canada) imprimées dans cette publication. |
| 520 | 3 |aLa deuxième édition [...] constitue une version revue et augmentée de la première édition de cette table parue en 1976. Celle-ci a remplacé beaucoup de systèmes de classification du type Library of Congress utilisés par les bibliothèques canadiennes pour classer l'information dans le domaine de l'histoire du Canada.--Préface de la deuxième édition |
| 590 | |a12-17-Supp|b2012-04-20 |
| 775 | 08|tClass FC : |w(CaOODSP)9.695953 |
| 856 | 40|ahttp://publications.gc.ca|qPDF|s42 Ko|uhttps://publications.gc.ca/collections/Collection/SN3-61-1994-1F.pdf |